Impossible Quiz - Fast Typing to 500 - Statistics

General Stats
  • This quiz has been taken 435 times
  • The average score is 121 of 500
Answer Stats
Answer % Correct
1
100%
2
99%
3
99%
4
98%
5
98%
6
98%
7
97%
8
97%
9
96%
10
93%
11
92%
12
89%
13
88%
14
88%
15
88%
16
87%
17
86%
18
86%
19
85%
20
84%
21
84%
22
83%
23
81%
24
81%
25
81%
26
81%
27
81%
28
81%
29
81%
30
80%
31
80%
32
80%
33
80%
34
80%
35
80%
36
80%
37
80%
38
80%
39
80%
40
79%
41
78%
42
78%
43
78%
44
78%
45
78%
46
78%
47
78%
48
78%
49
78%
50
77%
51
77%
52
77%
53
77%
54
77%
55
77%
56
77%
57
77%
58
77%
59
77%
60
77%
61
77%
62
77%
63
77%
64
77%
65
77%
66
77%
67
77%
68
77%
69
77%
70
77%
71
76%
72
76%
73
76%
74
76%
75
76%
76
76%
77
76%
78
76%
79
76%
80
76%
81
76%
82
76%
83
76%
84
76%
85
76%
86
76%
87
75%
88
75%
89
75%
90
74%
91
74%
92
74%
93
74%
94
74%
95
74%
96
74%
97
74%
98
74%
99
74%
100
73%
101
72%
102
72%
103
72%
104
71%
105
70%
106
69%
107
69%
108
68%
109
68%
110
67%
111
66%
112
65%
113
65%
114
64%
115
64%
116
64%
117
64%
118
63%
119
63%
120
63%
121
63%
122
61%
123
60%
124
58%
125
56%
126
55%
127
55%
128
55%
129
54%
130
53%
131
52%
132
50%
133
50%
134
49%
135
48%
136
47%
137
47%
138
46%
139
45%
140
45%
141
43%
142
40%
143
39%
144
39%
145
38%
146
37%
147
37%
148
36%
149
35%
150
35%
151
34%
152
34%
153
33%
154
32%
155
31%
156
30%
157
28%
158
27%
159
27%
160
26%
161
24%
162
24%
163
24%
164
23%
165
23%
166
21%
167
21%
168
20%
169
20%
170
20%
171
19%
172
17%
173
16%
174
15%
175
15%
176
15%
177
15%
178
15%
179
15%
180
13%
181
13%
182
12%
183
11%
184
10%
185
10%
186
10%
187
10%
188
10%
189
9%
190
9%
191
8%
192
7%
193
7%
194
7%
195
7%
196
6%
197
6%
198
6%
199
5%
200
5%
201
5%
202
5%
203
5%
204
5%
205
5%
206
5%
207
5%
208
5%
209
5%
210
5%
211
5%
212
5%
213
5%
214
5%
215
5%
216
5%
217
5%
218
5%
219
5%
220
5%
221
5%
222
5%
223
5%
224
5%
225
5%
226
5%
227
5%
228
5%
229
4%
230
4%
231
4%
232
4%
233
4%
234
4%
235
4%
236
4%
237
4%
238
4%
239
4%
240
4%
241
4%
242
4%
243
4%
244
4%
245
4%
246
4%
247
4%
248
4%
249
3%
250
3%
251
3%
252
3%
253
3%
254
3%
255
3%
256
3%
257
3%
258
3%
259
3%
260
3%
261
3%
262
3%
263
3%
264
3%
265
3%
266
3%
267
3%
268
3%
269
3%
270
3%
271
3%
272
3%
273
3%
274
3%
275
3%
276
3%
277
3%
278
3%
279
3%
280
3%
281
3%
282
3%
283
3%
284
3%
285
3%
286
3%
287
3%
288
3%
289
3%
290
3%
291
3%
292
3%
293
2%
294
2%
295
2%
296
2%
297
2%
298
2%
299
2%
300
2%
301
2%
302
2%
303
2%
304
2%
305
2%
306
2%
307
2%
308
2%
309
2%
310
2%
311
2%
312
2%
313
2%
314
2%
315
2%
316
2%
317
2%
318
2%
319
2%
320
2%
321
2%
322
2%
323
2%
324
2%
325
2%
326
2%
327
2%
328
2%
329
2%
330
2%
331
2%
332
2%
333
2%
334
2%
335
2%
336
2%
337
2%
338
2%
339
2%
340
2%
341
2%
500
2%
342
1%
343
1%
344
1%
345
1%
346
1%
347
1%
348
1%
349
1%
350
1%
351
1%
352
1%
353
1%
354
1%
355
1%
356
0%
357
0%
358
0%
359
0%
360
0%
361
0%
362
0%
363
0%
364
0%
365
0%
366
0%
367
0%
368
0%
369
0%
370
0%
371
0%
372
0%
373
0%
374
0%
375
0%
376
0%
377
0%
378
0%
379
0%
380
0%
381
0%
382
0%
383
0%
384
0%
385
0%
386
0%
387
0%
388
0%
389
0%
390
0%
391
0%
392
0%
393
0%
394
0%
395
0%
396
0%
397
0%
398
0%
399
0%
400
0%
401
0%
402
0%
403
0%
404
0%
405
0%
406
0%
407
0%
408
0%
409
0%
410
0%
411
0%
412
0%
413
0%
414
0%
415
0%
416
0%
417
0%
418
0%
419
0%
420
0%
421
0%
422
0%
423
0%
424
0%
425
0%
426
0%
427
0%
428
0%
429
0%
430
0%
431
0%
432
0%
433
0%
434
0%
435
0%
436
0%
437
0%
438
0%
439
0%
440
0%
441
0%
442
0%
443
0%
444
0%
445
0%
446
0%
447
0%
448
0%
449
0%
450
0%
451
0%
452
0%
453
0%
454
0%
455
0%
456
0%
457
0%
458
0%
459
0%
460
0%
461
0%
462
0%
463
0%
464
0%
465
0%
466
0%
467
0%
468
0%
469
0%
470
0%
471
0%
472
0%
473
0%
474
0%
475
0%
476
0%
477
0%
478
0%
479
0%
480
0%
481
0%
482
0%
483
0%
484
0%
485
0%
486
0%
487
0%
488
0%
489
0%
490
0%
491
0%
492
0%
493
0%
494
0%
495
0%
496
0%
497
0%
498
0%
499
0%
No matching quizzes found
Score Distribution
Percent of People with Each Score
Percentile by Number Answered
Your Score History
You have not taken this quiz